[Event "DEM U12/U12w 2004"]
[Site "Willingen GER"]
[Date "2004.05.31"]
[Round "4"]
[White "Blübaum, Johanna"]
[Black "Hirneise, Jens"]
[Result "1/2-1/2"]
[Termination "normal"]
[Board "10"]
[WhiteElo "1443"]
[BlackElo "1757"]
[PlyCount "111"]
[WhiteFideId "24647373"]
[BlackFideId "24614734"]
[EventCountry "GER"]
[EventRounds "11"]
[EventType "swiss"]
[EventDate "2004.05.29"]

1. d4 Nf6 2. c4 g6 3. Nc3 Bg7 4. e4 d6 5. Be2 O-O 6. Nf3 e5 7. Be3 Nc6 8. d5
Ne7 9. Nd2 Ne8 10. O-O f5 11. f3 f4 12. Bf2 g5 13. b4 h5 14. c5 Kh8 15. Nc4 Ng8
16. Nb5 a6 17. Nc3 Nh6 18. cxd6 cxd6 19. Bb6 Qe7 20. b5 g4 21. bxa6 bxa6 22.
Na5 g3 23. h3 Qh4 24. Bc4 Nf7 25. Re1 Rb8 26. Ba7 Rb2 27. Re2 Rxe2 28. Qxe2 Ng5
29. Bxa6 Bxh3 30. gxh3 Qxh3 31. Qg2 Qxg2+ 32. Kxg2 Nc7 33. Rh1 Nxa6 34. Rxh5+
Nh7 35. Nc6 Rc8 36. Nb5 Bf8 37. Bb6 Nb8 38. Nba7 Nxc6 39. Nxc8 Nb4 40. a4 Na6
41. a5 Kg7 42. Rh1 Nf6 43. Rb1 Nd7 44. Bd8 Kf7 45. Rb7 Ke8 46. Bc7 Ndc5 47. Ra7
Nxc7 48. Rxc7 Kd8 49. Rf7 Kxc8 50. Rxf8+ Kb7 51. Rd8 Ka6 52. Rxd6+ Kxa5 53. Rc6
Kb5 54. Rc7 Kb6 55. Re7 Nd3 56. Re8 1/2-1/2

[Event "DEM U12/U12w 2004"]
[Site "Willingen GER"]
[Date "2004.05.31"]
[Round "4"]
[White "Endress, Anna"]
[Black "Park, Johannes"]
[Result "1/2-1/2"]
[Termination "normal"]
[Board "11"]
[WhiteElo "1755"]
[BlackElo "1433"]
[PlyCount "57"]
[WhiteFideId "24629472"]
[EventCountry "GER"]
[EventRounds "11"]
[EventType "swiss"]
[EventDate "2004.05.29"]

1. e4 c5 2. Nf3 e6 3. d4 cxd4 4. Nxd4 a6 5. Nc3 Qc7 6. Bd3 Nf6 7. O-O Be7 8.
Be3 O-O 9. f4 d6 10. Qe2 b5 11. a3 Bb7 12. h3 Nbd7 13. Qf2 Nc5 14. Nb3 Ncxe4
15. Qe1 Nxc3 16. bxc3 Rac8 17. Qh4 Be4 18. Bxe4 Nxe4 19. Qg4 Nf6 20. Qe2 Qxc3
21. Rac1 d5 22. Bd4 Qg3 23. Rf3 Qg6 24. f5 Qh5 25. g4 Qh4 26. Bf2 Qg5 27. Be3
Qh4 28. Bf2 Qg5 29. Be3 1/2-1/2

[Event "DEM U12/U12w 2004"]
[Site "Willingen GER"]
[Date "2004.05.31"]
[Round "4"]
[White "Völsgen, Georg"]
[Black "Schäfer, Alexander"]
[Result "1/2-1/2"]
[Termination "normal"]
[Board "12"]
[WhiteElo "1456"]
[BlackElo "1701"]
[PlyCount "53"]
[WhiteFideId "24635901"]
[BlackFideId "24615196"]
[EventCountry "GER"]
[EventRounds "11"]
[EventType "swiss"]
[EventDate "2004.05.29"]

1. e4 c5 2. Nf3 e6 3. d4 cxd4 4. Nxd4 Nf6 5. Nc3 Nc6 6. Be2 Bb4 7. O-O Bxc3 8.
bxc3 Nxe4 9. Bd3 Nxc3 10. Qg4 g6 11. Nxc6 dxc6 12. Bb2 e5 13. Qg3 Qd4 14. Rfe1
Ne2+ 15. Rxe2 Qxb2 16. Qxe5+ Qxe5 17. Rxe5+ Kf8 18. Bc4 Bf5 19. Rb1 b5 20. Bb3
f6 21. Re2 Kg7 22. Re7+ Kh6 23. Rbe1 c5 24. c4 b4 25. Rc7 Rhc8 26. Rf7 Rf8 27.
Rc7 1/2-1/2

[Event "DEM U12/U12w 2004"]
[Site "Willingen GER"]
[Date "2004.05.31"]
[Round "4"]
[White "Schmitt, Philipp"]
[Black "Mijatovic, Andrea"]
[Result "1-0"]
[Termination "normal"]
[Board "13"]
[WhiteElo "1691"]
[BlackElo "1422"]
[PlyCount "59"]
[WhiteFideId "24641766"]
[BlackFideId "14514524"]
[EventCountry "GER"]
[EventRounds "11"]
[EventType "swiss"]
[EventDate "2004.05.29"]

1. e4 c5 2. Nf3 Nc6 3. d4 cxd4 4. Nxd4 Nf6 5. Nc3 e5 6. Ndb5 d6 7. a4 a6 8. Na3
Be7 9. Bc4 O-O 10. O-O Na5 11. Bd5 Nxd5 12. Nxd5 f5 13. Nxe7+ Qxe7 14. Qd5+ Kh8
15. Qxa5 f4 16. Bd2 Be6 17. f3 Rab8 18. Kh1 Rf6 19. Qb6 Rh6 20. Qg1 Rf8 21.
Rad1 Rff6 22. Bb4 Bd7 23. b3 Rfg6 24. Rf2 Qh4 25. Nc4 Qg3 26. Rfd2 Rh4 27. Rxd6
Rxd6 28. Rxd6 Be8 29. Rd8 Qg6 30. Nd6 1-0

[Event "DEM U12/U12w 2004"]
[Site "Willingen GER"]
[Date "2004.05.31"]
[Round "4"]
[White "Gersch, Andre"]
[Black "Smolkina, Milana"]
[Result "1/2-1/2"]
[Termination "normal"]
[Board "14"]
[WhiteElo "1433"]
[BlackElo "1678"]
[PlyCount "39"]
[BlackFideId "24618780"]
[EventCountry "GER"]
[EventRounds "11"]
[EventType "swiss"]
[EventDate "2004.05.29"]

1. e4 c5 2. Nf3 d6 3. d4 cxd4 4. Nxd4 Nc6 5. Nc3 g6 6. Bc4 Bg7 7. Be3 Nf6 8. h3
O-O 9. O-O Bd7 10. f4 Rc8 11. Bb3 a6 12. f5 Ne5 13. fxg6 hxg6 14. Bf4 Nh5 15.
Qe2 Nc4 16. Bxc4 Rxc4 17. Be3 Qc7 18. Rf3 b5 19. a3 Nf6 20. Raf1 1/2-1/2

[Event "DEM U12/U12w 2004"]
[Site "Willingen GER"]
[Date "2004.05.31"]
[Round "4"]
[White "Gröger, Eric"]
[Black "Kordts, Florian"]
[Result "0-1"]
[Termination "normal"]
[Board "15"]
[WhiteElo "1428"]
[BlackElo "1669"]
[PlyCount "148"]
[BlackFideId "24626856"]
[EventCountry "GER"]
[EventRounds "11"]
[EventType "swiss"]
[EventDate "2004.05.29"]

1. e4 c5 2. Nf3 Nc6 3. d4 cxd4 4. Nxd4 g6 5. c4 Bg7 6. Nc2 Nf6 7. Nc3 O-O 8.
Be2 d6 9. O-O Bd7 10. f3 Rc8 11. Qd2 a6 12. b3 Qb6+ 13. Kh1 h5 14. Bb2 Ne5 15.
Rad1 Qc7 16. Nb4 Qd8 17. Nbd5 Rc6 18. Nxf6+ exf6 19. Ba3 Be6 20. c5 Re8 21.
cxd6 Qa5 22. Na4 Qxd2 23. Rxd2 b5 24. Nc5 Rd8 25. Bb4 Bf8 26. Ba5 Rdxd6 27.
Rxd6 Bxd6 28. Nxe6 fxe6 29. f4 Nf7 30. Bd3 Kg7 31. Bd2 Be7 32. Be3 Rc3 33. Rd1
Nd8 34. Kg1 Nc6 35. Kf2 Nb4 36. Bb1 Kf7 37. Rc1 Rxc1 38. Bxc1 Bc5+ 39. Ke2 Nc6
40. Be3 Bd6 41. g3 Ke7 42. Bd3 Nb4 43. a4 Nxd3 44. Kxd3 bxa4 45. bxa4 Kd7 46.
Kc4 Kc6 47. Bf2 Ba3 48. h3 Bc1 49. Kd3 h4 50. Kc2 hxg3 51. Bxg3 Be3 52. Kd3 Bg1
53. Be1 Kc5 54. h4 f5 55. exf5 exf5 56. Bg3 Kb4 57. Be1+ Kxa4 58. Kc4 Bh2 59.
Kd5 Bxf4 60. Ke6 Bc1 61. Kf6 f4 62. Kxg6 f3 63. h5 Kb3 64. h6 Bxh6 65. Kxh6 a5
66. Bf2 Kc2 67. Kg5 Kd3 68. Kg4 Ke2 69. Kg3 a4 70. Bc5 a3 71. Bxa3 f2 72. Bc5
f1=Q 73. Be7 Qf3+ 74. Kh4 Qe4+ 0-1

[Event "DEM U12/U12w 2004"]
[Site "Willingen GER"]
[Date "2004.05.31"]
[Round "4"]
[White "Giesler, Julius"]
[Black "Orhan, Zilan"]
[Result "1-0"]
[Termination "normal"]
[Board "16"]
[WhiteElo "1394"]
[BlackElo "1626"]
[PlyCount "75"]
[BlackFideId "24624640"]
[EventCountry "GER"]
[EventRounds "11"]
[EventType "swiss"]
[EventDate "2004.05.29"]

1. c4 c6 2. g3 Nf6 3. Bg2 d5 4. cxd5 cxd5 5. e3 e5 6. Ne2 Nc6 7. O-O Bf5 8. d4
e4 9. Nbc3 Be7 10. a3 a6 11. b4 b5 12. Qb3 O-O 13. Nf4 Be6 14. Nxe6 fxe6 15. f3
exf3 16. Rxf3 Qd7 17. Rf1 Rac8 18. Bb2 Bd6 19. Rad1 Ne7 20. e4 dxe4 21. Nxe4
Nfd5 22. Nc5 Bxc5 23. dxc5 Qe8 24. Rfe1 Qg6 25. Be5 Nc6 26. Bxd5 exd5 27. Rxd5
Kh8 28. Bb2 Qf7 29. Qc3 Rce8 30. Rdd1 Ne5 31. Rf1 Nf3+ 32. Rxf3 Qb7 33. Rxf8+
Rxf8 34. Rf1 Rxf1+ 35. Kxf1 Qh1+ 36. Ke2 Qxh2+ 37. Kd1 Qxg3 38. Qxg3 1-0

[Event "DEM U12/U12w 2004"]
[Site "Willingen GER"]
[Date "2004.05.31"]
[Round "4"]
[White "Sharikow, Alexej"]
[Black "Raykhman, Alexsander"]
[Result "0-1"]
[Termination "normal"]
[Board "17"]
[WhiteElo "1420"]
[BlackElo "1609"]
[PlyCount "48"]
[EventCountry "GER"]
[EventRounds "11"]
[EventType "swiss"]
[EventDate "2004.05.29"]

1. e4 c5 2. Nf3 d6 3. d4 cxd4 4. Nxd4 Nf6 5. Nc3 a6 6. Bg5 e6 7. Qd2 Be7 8.
O-O-O b5 9. a3 Nbd7 10. Nc6 Qb6 11. Nxe7 Kxe7 12. Bxf6+ Nxf6 13. f4 Rd8 14. f5
e5 15. Qg5 Bb7 16. Qxg7 Qe3+ 17. Kb1 Rg8 18. Qxf6+ Kxf6 19. Rxd6+ Ke7 20. Rd5
f6 21. Bxb5 axb5 22. Rxb5 Bxe4 23. Nd1 Qe2 24. Rc5 Rgc8 0-1

[Event "DEM U12/U12w 2004"]
[Site "Willingen GER"]
[Date "2004.05.31"]
[Round "4"]
[White "Oltzen, Samuel"]
[Black "Belger, Christian"]
[Result "1-0"]
[Termination "normal"]
[Board "18"]
[WhiteElo "1389"]
[BlackElo "1581"]
[PlyCount "121"]
[BlackFideId "24622940"]
[EventCountry "GER"]
[EventRounds "11"]
[EventType "swiss"]
[EventDate "2004.05.29"]

1. e4 c5 2. c3 d5 3. exd5 Qxd5 4. d4 Nc6 5. Nf3 Bg4 6. Be2 Nf6 7. Be3 cxd4 8.
cxd4 e6 9. O-O Bb4 10. a3 Ba5 11. Nc3 Qd6 12. Rc1 a6 13. b4 Bc7 14. g3 O-O 15.
d5 exd5 16. Bc5 Qd7 17. Bxf8 Rxf8 18. Qb3 Re8 19. Rcd1 d4 20. Rfe1 Bxf3 21.
Bxf3 Rxe1+ 22. Rxe1 dxc3 23. Qxc3 Bb6 24. Bxc6 bxc6 25. Rc1 Bxf2+ 26. Kg2 Qd5+
27. Qf3 Bd4 28. Qxd5 Nxd5 29. Rxc6 Kf8 30. Rxa6 Bc3 31. Kh3 Nxb4 32. axb4 Bxb4
33. Ra4 Bd6 34. Rd4 Ke7 35. Rh4 Ke6 36. Rxh7 g6 37. Rh4 Kf5 38. Ra4 f6 39. Kg2
Be5 40. Kf3 g5 41. g4+ Ke6 42. h3 Kd5 43. Ra5+ Kd4 44. Ra8 Kd5 45. Rd8+ Bd6 46.
Rh8 Bb4 47. Rh5 Ke6 48. Ke4 Bd2 49. Rh7 Bc3 50. Ra7 Be5 51. Ra6+ Bd6 52. Rb6
Ke7 53. Kf5 Be5 54. Re6+ Kf7 55. Rxe5 fxe5 56. Kxe5 Kg6 57. Ke6 Kg7 58. Kf5 Kh6
59. Kf6 Kh7 60. Kxg5 Kg7 61. h4 1-0

[Event "DEM U12/U12w 2004"]
[Site "Willingen GER"]
[Date "2004.05.31"]
[Round "4"]
[White "Wolff, Christoph"]
[Black "Doberitz, Paul"]
[Result "1/2-1/2"]
[Termination "normal"]
[Board "19"]
[WhiteElo "1374"]
[BlackElo "1576"]
[PlyCount "30"]
[WhiteFideId "24659495"]
[BlackFideId "24646130"]
[EventCountry "GER"]
[EventRounds "11"]
[EventType "swiss"]
[EventDate "2004.05.29"]

1. Nc3 c5 2. e4 Nc6 3. Nge2 d6 4. d4 cxd4 5. Nxd4 g6 6. Be3 Nf6 7. f3 Bg7 8.
Qd2 O-O 9. O-O-O Nxd4 10. Bxd4 Be6 11. Kb1 Qc7 12. g4 Rfc8 13. h4 Qa5 14. Qg5
Qc7 15. Qd2 Qa5 1/2-1/2

[Event "DEM U12/U12w 2004"]
[Site "Willingen GER"]
[Date "2004.05.31"]
[Round "4"]
[White "Dorn, Carina"]
[Black "Cornish, Alexander"]
[Result "1-0"]
[Termination "normal"]
[Board "20"]
[WhiteElo "1573"]
[BlackElo "1404"]
[PlyCount "99"]
[WhiteFideId "24666335"]
[EventCountry "GER"]
[EventRounds "11"]
[EventType "swiss"]
[EventDate "2004.05.29"]

1. d4 d5 2. c4 e6 3. Nc3 Nf6 4. cxd5 exd5 5. Bg5 h6 6. Bh4 Be6 7. e3 Nbd7 8.
Bd3 Be7 9. Nf3 c6 10. O-O Qb6 11. Qe2 Bg4 12. Rfb1 O-O 13. b4 Rfe8 14. b5 Qa5
15. Rb3 Ne4 16. Bxe7 Rxe7 17. bxc6 Nxc3 18. Qd2 Bxf3 19. gxf3 bxc6 20. Rxc3 Rb8
21. Qc2 c5 22. dxc5 Qc7 23. Rb1 Rbe8 24. Bb5 d4 25. exd4 a6 26. Bxa6 Re1+ 27.
Rxe1 Rxe1+ 28. Kg2 Qd8 29. Qf5 Qa5 30. Re3 Rxe3 31. fxe3 Qxa2+ 32. Kg3 Nf6 33.
Bd3 Qa8 34. Be4 Qb8+ 35. Kh3 Qd8 36. d5 g6 37. Qe5 Qc8+ 38. Kg2 Nd7 39. Qe7
Nxc5 40. d6 h5 41. Bd5 Nd7 42. Qxf7+ Kh8 43. Be6 Qc2+ 44. Kg3 h4+ 45. Kh3 Qc8
46. Qxd7 Qb7 47. Qxb7 g5 48. d7 g4+ 49. Kxg4 h3 50. d8=Q# 1-0

[Event "DEM U12/U12w 2004"]
[Site "Willingen GER"]
[Date "2004.05.31"]
[Round "4"]
[White "Eibl, Maximilian"]
[Black "Mohr, Fides"]
[Result "1/2-1/2"]
[Termination "normal"]
[Board "22"]
[WhiteElo "1548"]
[BlackElo "1389"]
[PlyCount "76"]
[WhiteFideId "24620092"]
[EventCountry "GER"]
[EventRounds "11"]
[EventType "swiss"]
[EventDate "2004.05.29"]

1. Nf3 c5 2. g3 d6 3. Bg2 Nc6 4. O-O e6 5. c4 Bd7 6. Nc3 a6 7. d3 Nge7 8. e4 g6
9. Be3 Bg7 10. d4 cxd4 11. Nxd4 O-O 12. Nxc6 Bxc6 13. Qd2 Qd7 14. Rad1 Rfd8 15.
Bb6 Re8 16. Be3 Rad8 17. f4 b5 18. cxb5 axb5 19. h3 b4 20. Ne2 Bb5 21. Rfe1 d5
22. Qxb4 Rb8 23. Qd2 Bxe2 24. Qxe2 Rxb2 25. Rd2 Rxd2 26. Qxd2 Rc8 27. Rc1 Rxc1+
28. Qxc1 Qa4 29. Qb1 dxe4 30. Bxe4 h6 31. Bc2 Qc6 32. a4 Qf3 33. Bf2 Nd5 34.
Be4 Qa3 35. Bxd5 exd5 36. Qd1 h5 37. Kg2 Qa2 38. Kg1 Qa3 1/2-1/2

[Event "DEM U12/U12w 2004"]
[Site "Willingen GER"]
[Date "2004.05.31"]
[Round "4"]
[White "Spangenberg, Pia"]
[Black "Lobmeyer, Fabian"]
[Result "1/2-1/2"]
[Termination "normal"]
[Board "23"]
[WhiteElo "1264"]
[BlackElo "1522"]
[PlyCount "41"]
[WhiteFideId "4627989"]
[BlackFideId "24659681"]
[EventCountry "GER"]
[EventRounds "11"]
[EventType "swiss"]
[EventDate "2004.05.29"]

1. e4 c5 2. Nf3 d6 3. d4 cxd4 4. Nxd4 Nf6 5. Nc3 g6 6. Be3 Bg7 7. f3 O-O 8. Bc4
Nc6 9. Qd2 Bd7 10. O-O-O Rc8 11. Bb3 Ne5 12. Kb1 Nc4 13. Bxc4 Rxc4 14. h4 h5
15. Rdg1 a6 16. Nb3 Qc7 17. Bh6 Rc8 18. Bxg7 Kxg7 19. g4 b5 20. gxh5 Nxh5 21.
Qg5 1/2-1/2

[Event "DEM U12/U12w 2004"]
[Site "Willingen GER"]
[Date "2004.05.31"]
[Round "4"]
[White "Colpe, Malte"]
[Black "Jung, Gerhard"]
[Result "1/2-1/2"]
[Termination "normal"]
[Board "24"]
[WhiteElo "1520"]
[BlackElo "1386"]
[PlyCount "56"]
[WhiteFideId "24623075"]
[BlackFideId "24629812"]
[EventCountry "GER"]
[EventRounds "11"]
[EventType "swiss"]
[EventDate "2004.05.29"]

1. d4 Nf6 2. Nf3 e6 3. c4 c5 4. e3 d5 5. Nc3 cxd4 6. exd4 Bb4 7. Be2 O-O 8. O-O
Nc6 9. Bg5 h6 10. Bh4 Be7 11. cxd5 Nxd5 12. Bxe7 Ncxe7 13. Bc4 Re8 14. Re1 b6
15. Qd2 Bb7 16. Ne5 Rc8 17. Rac1 f6 18. Bxd5 Nxd5 19. Nd3 Nxc3 20. bxc3 Qd5 21.
Nf4 Qg5 22. g3 e5 23. h4 Qf5 24. dxe5 fxe5 25. Nd5 Qe6 26. c4 b5 27. Kh2 bxc4
28. Ne3 Red8 1/2-1/2

[Event "DEM U12/U12w 2004"]
[Site "Willingen GER"]
[Date "2004.05.31"]
[Round "4"]
[White "Strunski, Andreas"]
[Black "Huhnstock, Rico"]
[Result "1-0"]
[Termination "normal"]
[Board "25"]
[WhiteElo "1942"]
[BlackElo "1449"]
[PlyCount "59"]
[WhiteFideId "24606073"]
[BlackFideId "24642932"]
[EventCountry "GER"]
[EventRounds "11"]
[EventType "swiss"]
[EventDate "2004.05.29"]

1. d4 Nf6 2. c4 g6 3. Nc3 Bg7 4. e4 d6 5. Nf3 O-O 6. Be2 Nbd7 7. O-O b6 8. h3
Bb7 9. Qc2 e6 10. Bg5 Qc8 11. Rad1 h6 12. Be3 Rd8 13. Nd2 Rb8 14. f4 c6 15. f5
exf5 16. exf5 Kh7 17. fxg6+ fxg6 18. Bd3 Nf8 19. Nde4 Nxe4 20. Nxe4 Qe6 21. Bg5
Bxd4+ 22. Kh1 Rd7 23. Nf6+ Bxf6 24. Rxf6 Qg8 25. Bd2 Rbd8 26. Rdf1 Re7 27. Bc3
Bc8 28. Qf2 Ree8 29. Rf7+ Qg7 30. Rxg7+ 1-0

[Event "DEM U12/U12w 2004"]
[Site "Willingen GER"]
[Date "2004.05.31"]
[Round "4"]
[White "Bochis, Julia"]
[Black "Dzodziev, Daniel"]
[Result "1-0"]
[Termination "normal"]
[Board "26"]
[WhiteElo "1261"]
[BlackElo "1544"]
[PlyCount "79"]
[WhiteFideId "24647276"]
[EventCountry "GER"]
[EventRounds "11"]
[EventType "swiss"]
[EventDate "2004.05.29"]

1. e4 e5 2. Nf3 Nc6 3. Bb5 a6 4. Ba4 Nf6 5. O-O Be7 6. Re1 d6 7. c3 O-O 8. d4
exd4 9. cxd4 Bg4 10. Bxc6 bxc6 11. Nbd2 Re8 12. h3 Bh5 13. Qc2 Qd7 14. b3 Bg6
15. Nh2 d5 16. Bb2 Nxe4 17. Nxe4 Bxe4 18. Qc3 Bd6 19. Rac1 Re6 20. Nf3 Rae8 21.
Nd2 Bf5 22. Rxe6 Rxe6 23. Nf3 Bf4 24. Re1 Be4 25. Ne5 Qd6 26. Bc1 Bxe5 27. dxe5
Qxe5 28. Qxe5 Rxe5 29. f3 c5 30. fxe4 dxe4 31. Bf4 Re7 32. Kf2 f5 33. Rc1 h6
34. h4 e3+ 35. Bxe3 Re4 36. g3 a5 37. Rxc5 a4 38. Rxc7 axb3 39. axb3 Rb4 40.
Rc3 1-0

[Event "DEM U12/U12w 2004"]
[Site "Willingen GER"]
[Date "2004.05.31"]
[Round "4"]
[White "Billing, Alexander"]
[Black "Sancar, Kenan"]
[Result "1-0"]
[Termination "normal"]
[Board "27"]
[WhiteElo "1533"]
[BlackElo "1367"]
[PlyCount "89"]
[WhiteFideId "24624420"]
[BlackFideId "24647543"]
[EventCountry "GER"]
[EventRounds "11"]
[EventType "swiss"]
[EventDate "2004.05.29"]

1. e4 e5 2. Nf3 Nc6 3. d4 exd4 4. Nxd4 Bc5 5. Be3 Qf6 6. c3 Nge7 7. Bb5 O-O 8.
O-O a6 9. Nxc6 dxc6 10. Bxc5 axb5 11. Nd2 b6 12. Bd4 Qg6 13. Be5 Ra7 14. a4 Rb7
15. axb5 cxb5 16. Qe2 c6 17. Nb3 Be6 18. Nd4 Bc4 19. Qe3 Bxf1 20. Kxf1 f5 21.
Qh3 Qg4 22. Qxg4 fxg4 23. Ne6 Re8 24. Nxg7 Rc8 25. Nh5 Ng6 26. Nf6+ Kf7 27.
Nxg4 Nxe5 28. Nxe5+ Ke6 29. f4 c5 30. b3 Rd8 31. Ke2 Rd6 32. Ra8 Rg7 33. g4 b4
34. g5 bxc3 35. Re8+ Re7 36. f5+ Kxe5 37. Rxe7+ Kf4 38. f6 c2 39. f7 Rf6 40.
Kd2 Kxg5 41. e5 Rf2+ 42. Kc1 Kg6 43. e6 Kg7 44. Re8 b5 45. Rg8+ 1-0

[Event "DEM U12/U12w 2004"]
[Site "Willingen GER"]
[Date "2004.05.31"]
[Round "4"]
[White "Specht, Christian"]
[Black "Müller, Anna-Louise"]
[Result "1-0"]
[Termination "normal"]
[Board "28"]
[WhiteElo "1471"]
[BlackElo "1349"]
[PlyCount "111"]
[WhiteFideId "24647985"]
[BlackFideId "4633512"]
[EventCountry "GER"]
[EventRounds "11"]
[EventType "swiss"]
[EventDate "2004.05.29"]

1. e4 c5 2. Nf3 d6 3. d4 cxd4 4. Nxd4 Nf6 5. Nc3 g6 6. f3 Bg7 7. Be3 O-O 8. Qd2
Nc6 9. O-O-O Nxd4 10. Bxd4 Be6 11. h4 h5 12. Be3 a6 13. Bh6 Rc8 14. Bxg7 Kxg7
15. Be2 b5 16. Qg5 Rc5 17. Qd2 Bc4 18. g4 Bxe2 19. Qxe2 Qa5 20. gxh5 Nxh5 21.
Qe3 b4 22. Nb1 Qxa2 23. Qd4+ Nf6 24. Qxb4 Qc4 25. Qxc4 Rxc4 26. Nc3 Rfc8 27.
Rh2 Nd7 28. h5 gxh5 29. Rxh5 Ne5 30. Rg1+ Kf6 31. Rh6+ Ng6 32. Rg2 e6 33. f4
Ke7 34. f5 exf5 35. Nd5+ Ke6 36. Nb6 fxe4 37. Nxc8 Rxc8 38. Kd2 d5 39. Rf2 Rd8
40. Ke3 Rd7 41. c3 Kd6 42. Rf6+ Kc5 43. Rxa6 Ne5 44. Rh1 Nc4+ 45. Ke2 Nxb2 46.
Rh7 Nc4 47. Rf6 Ne5 48. Rf5 Re7 49. Rhh5 Kd6 50. Ke3 Nc4+ 51. Kd4 Nb6 52. Rh6+
Kc7 53. Rff6 e3 54. Rxb6 e2 55. Rhc6+ Kd7 56. Rb7+ 1-0

[Event "DEM U12/U12w 2004"]
[Site "Willingen GER"]
[Date "2004.05.31"]
[Round "4"]
[White "Becher, Anne"]
[Black "Kaphle, Stephan"]
[Result "0-1"]
[Termination "normal"]
[Board "29"]
[WhiteElo "1259"]
[BlackElo "1597"]
[PlyCount "56"]
[BlackFideId "24629103"]
[EventCountry "GER"]
[EventRounds "11"]
[EventType "swiss"]
[EventDate "2004.05.29"]

1. c4 Nf6 2. Nc3 g6 3. e4 d6 4. Nf3 Bg7 5. d4 O-O 6. Be3 Nbd7 7. Be2 e5 8. d5
Ne8 9. O-O f5 10. exf5 gxf5 11. Qc2 e4 12. Nd4 Nc5 13. Nb3 Nxb3 14. Qxb3 f4 15.
Bd2 f3 16. Bd1 Qh4 17. Nxe4 Qxe4 18. Bxf3 Qg6 19. Rfe1 Nf6 20. Re7 Rf7 21. Rxf7
Qxf7 22. Re1 b6 23. Qb5 Bg4 24. Bxg4 Nxg4 25. Rf1 Rf8 26. Be1 Bd4 27. Qb3 Nxf2
28. Qg3+ Ng4+ 0-1

[Event "DEM U12/U12w 2004"]
[Site "Willingen GER"]
[Date "2004.05.31"]
[Round "4"]
[White "Wisheckel, Lena"]
[Black "Penne, Bo"]
[Result "0-1"]
[Termination "normal"]
[Board "30"]
[WhiteElo "1259"]
[BlackElo "1532"]
[PlyCount "82"]
[WhiteFideId "24691992"]
[BlackFideId "24642193"]
[EventCountry "GER"]
[EventRounds "11"]
[EventType "swiss"]
[EventDate "2004.05.29"]

1. e4 c6 2. Nc3 d5 3. Nf3 dxe4 4. Nxe4 Bf5 5. Ng3 Bg6 6. Bc4 Nd7 7. d3 Ngf6 8.
O-O e6 9. Bg5 Be7 10. Rb1 O-O 11. a3 Nd5 12. Bxe7 Qxe7 13. Re1 Rac8 14. b4 Nc3
15. Qc1 Nxb1 16. Qxb1 Rfd8 17. Qd1 Nb6 18. Bb3 c5 19. Qb1 cxb4 20. axb4 Qxb4
21. Ne5 Qe7 22. Nxg6 hxg6 23. Qa1 a6 24. Kh1 Nd5 25. h3 Nb4 26. Qb1 Qc5 27. Re2
Nd5 28. Ne4 Qc6 29. c4 Nf4 30. Re3 f5 31. Rf3 fxe4 32. Rxf4 exd3 33. Kh2 Qd6
34. g3 Rf8 35. c5 Rxc5 36. Rxf8+ Kxf8 37. Qd1 Re5 38. Kg2 Qd4 39. f4 Rb5 40.
Bxe6 Qe4+ 41. Kf1 Qh1+ 0-1

[Event "DEM U12/U12w 2004"]
[Site "Willingen GER"]
[Date "2004.05.31"]
[Round "4"]
[White "Jebtchouk, Dimitrij"]
[Black "Kamrla, Robin"]
[Result "0-1"]
[Termination "normal"]
[Board "31"]
[WhiteElo "1235"]
[BlackElo "1435"]
[PlyCount "106"]
[EventCountry "GER"]
[EventRounds "11"]
[EventType "swiss"]
[EventDate "2004.05.29"]

1. e4 c5 2. Nf3 Nc6 3. d4 cxd4 4. Nxd4 Nf6 5. Nc3 e5 6. Nxc6 bxc6 7. Bg5 Be7 8.
Bc4 d6 9. O-O O-O 10. Kh1 Bb7 11. f4 exf4 12. Bxf6 Bxf6 13. Rxf4 Qd7 14. Qf3
Rad8 15. Rd1 Rfe8 16. Rg4 d5 17. exd5 cxd5 18. Bb5 Bc6 19. Bxc6 Qxc6 20. h3 Rd6
21. Nxd5 Bxb2 22. Ne7+ Rxe7 23. Qxc6 Rxd1+ 24. Kh2 h5 25. Qc8+ Kh7 26. Qf5+ g6
27. Qf3 Be5+ 28. g3 Rd2+ 29. Kg1 Bd4+ 30. Rxd4 Re1+ 31. Qf1 Rxf1+ 32. Kxf1 Rxd4
33. Ke2 Ra4 34. Kd3 Rxa2 35. c4 Ra3+ 36. Kd4 Rxg3 37. c5 Rxh3 38. c6 Rh1 39.
Kd5 Rc1 40. Kd6 h4 41. c7 h3 42. Kd7 h2 43. c8=Q Rxc8 44. Kxc8 h1=Q 45. Kc7 a5
46. Kb6 a4 47. Kc5 a3 48. Kd4 a2 49. Ke5 a1=Q+ 50. Kd6 Qe4 51. Kc7 Qc3+ 52. Kb6
Qeb4+ 53. Ka7 Qca3# 0-1

[Event "DEM U12/U12w 2004"]
[Site "Willingen GER"]
[Date "2004.05.31"]
[Round "4"]
[White "Mertens, Pauline"]
[Black "Wild, Katharina"]
[Result "1-0"]
[Termination "normal"]
[Board "32"]
[WhiteElo "1375"]
[BlackElo "1249"]
[PlyCount "85"]
[WhiteFideId "24671959"]
[BlackFideId "24678015"]
[EventCountry "GER"]
[EventRounds "11"]
[EventType "swiss"]
[EventDate "2004.05.29"]

1. e4 c6 2. d4 d5 3. exd5 cxd5 4. Nc3 Nc6 5. Be2 Bf5 6. Nf3 e6 7. O-O a6 8. Bg5
Nf6 9. Re1 Be7 10. Bd3 Bxd3 11. Qxd3 Qb6 12. a3 O-O 13. Ne5 Qc7 14. Nxc6 Qxc6
15. Re3 h6 16. Bxf6 Bxf6 17. Rg3 Qb6 18. Ne2 Qxb2 19. Rf1 Rac8 20. Qd2 Qxc2 21.
Qxh6 Qf5 22. h4 g6 23. Kh2 Bg7 24. Qe3 Rc4 25. Rh1 Rfc8 26. Kg1 Qh5 27. Rg5 Qh6
28. h5 Bf6 29. Rxg6+ Qxg6 30. hxg6 fxg6 31. Qxe6+ Kg7 32. Qd7+ Kf8 33. Qxd5 b5
34. Rh7 R4c7 35. Rxc7 Rxc7 36. Qd6+ Re7 37. Qxf6+ Rf7 38. Qxg6 Rg7 39. Qxa6 Kg8
40. d5 Kf8 41. d6 Ke8 42. Qc8+ Kf7 43. d7 1-0

[Event "DEM U12/U12w 2004"]
[Site "Willingen GER"]
[Date "2004.05.31"]
[Round "4"]
[White "Simonow, Andrej"]
[Black "Gremmer, Jan"]
[Result "1-0"]
[Termination "normal"]
[Board "33"]
[WhiteElo "1370"]
[BlackElo "1240"]
[PlyCount "93"]
[WhiteFideId "24637637"]
[EventCountry "GER"]
[EventRounds "11"]
[EventType "swiss"]
[EventDate "2004.05.29"]

1. Nf3 Nc6 2. d4 d5 3. c4 e6 4. Nc3 Nf6 5. Bg5 Be7 6. e3 O-O 7. Bd3 Re8 8. O-O
b6 9. Qc2 Nb4 10. Qd2 Nxd3 11. Qxd3 Ba6 12. b3 c5 13. Rfd1 Rc8 14. dxc5 dxc4
15. Qxd8 Rexd8 16. Rxd8+ Rxd8 17. cxb6 axb6 18. Nd4 cxb3 19. axb3 Rc8 20. Na4
b5 21. Nb6 Rc5 22. e4 Rxg5 23. Rxa6 h6 24. Nc8 Bc5 25. Nf3 Rh5 26. e5 Ne4 27.
g4 Rh3 28. Kg2 Nxf2 29. Ra2 Rxf3 30. Kxf3 Nd3 31. Ke4 Nb4 32. Ra8 Kh7 33. Nd6
f6 34. Nxb5 fxe5 35. Kxe5 Kg6 36. Rc8 Kg5 37. Rxc5 Nd3+ 38. Kd4+ Nxc5 39. Kxc5
e5 40. Kd5 Kf4 41. Nd6 Kxg4 42. Kxe5 g5 43. b4 Kh3 44. Nf7 Kxh2 45. Nxh6 Kh3
46. b5 g4 47. Nxg4 1-0